|
|
|
|
| LEADER |
00000nam a22000007a 4500 |
| 005 |
20220812011536.0 |
| 007 |
cr|||| |||| |
| 008 |
220812s2021 br |||||s|||| 00||0 por d |
| 020 |
|
|
|a 978658935163-4
|
| 035 |
|
|
|a 36812
|
| 040 |
|
|
|a vLex
|
| 090 |
|
|
|c 13686
|d 13686
|
| 100 |
1 |
|
|a de Moraes Mello, Cleyson
|
| 245 |
1 |
0 |
|a Introduȯ̂ ao estudo do direito
|h [Recurso electrn̤ico] /
|c Cleyson de Moraes Mello
|
| 250 |
|
|
|a 3era. Edicin̤
|
| 256 |
|
|
|a Servicio en ln̕ea
|
| 260 |
|
|
|a Rio de Janeiro:
|b Editora Processo,
|c 2021
|
| 300 |
|
|
|a 1 recurso electrn̤ico
|
| 500 |
|
|
|a O Professor Cleyson de Moraes Mello conseguiu dar conta de uma tarefa audaciosa: ao mesmo tempo em que expe̳ com clareza e objetividade o conted︢o previsto para a ementa de IED, considera verdadeiramente que este ser ̀o primeiro contato que o aluno leitor ter ̀com o estudo do Direito. Sem abrir mô do aprofundamento que uma obra dessa natureza precisa ter, o autor utiliza uma linguagem bastante elegante, mas acessv̕el ao pb︢lico a que se destina. Esta ̌uma obra que nô pode faltar na estante daquele que quer investir na sua formaȯ̂. Mais do que louvv̀el, essa proposta de publicaȯ̂ marca uma tendn̊cia no mercado. Isso se estende nô apenas aos livros de disciplinas introdutr̤ias produzidos pelo autor. Todas as demais obras por ele publicadas ou orientadas seguem essa metodologia afinada com a prt̀ica pedagg̤ica do Direito. Ao abrir esta obra, portanto, todos os professores que lecionam Introduȯ̂ ao Direito encontrarô ferramenta indiscutivelmente t︢il para a sala de aula. Quanto aos alunos, aqui est ̀uma obra agradv̀el de ser lida e que contribuir ̀para uma formaȯ̂ profissional mais sl̤ida.
|
| 506 |
1 |
|
|a Disponible solo en los productos indicados
|d vLex Global
|d vLex Global (Academic Edition, excluding Law Schools)
|d vLex Global (U.S. Academic Edition, Law Schools)
|d vLex Global (U.S. Academic Edition, excluding Law Schools)
|d vLex Global (Academic Edition, Law Schools)
|
| 650 |
0 |
4 |
|a Educacin̤
|z Brasil
|
| 740 |
0 |
|
|a vLex Libros (Servicio en ln̕ea)
|
| 856 |
4 |
0 |
|u https://app.vlex.com/#/sources/36812
|z Acceso restringido
|
| 942 |
|
|
|c BOOK
|
| 999 |
0 |
|
|a Education
|